000 00492nam a2200157Ia 4500
008 220216s9999 xx 000 0 und d
100 _aMunasinghe E S
245 0 _aForestation with rubber for carbon markets; Yield tables under Sri Lankan conditions
260 _bIRRDB International Rubber Conference 14-17 December 2011 Chiang
650 _aCO2 fixation
650 _aFinancial viability
650 _aRubber
650 _aTimber production
700 _aRodrigo V H L
942 _cJS
999 _c59535
_d59535